| 000 | 00906nam a2200289Ia 4500 | ||
|---|---|---|---|
| 001 | Para_2184 | ||
| 003 | CHAP | ||
| 008 | 220125s1996 xx 000 0 und d | ||
| 010 | _a200606 | ||
| 040 | _cCHAP | ||
| 082 | _aPA 633.84 N8 | ||
| 100 |
_aNuez Viñals, Fernando _982194 |
||
| 245 |
_aEl cultivo de pimientos, chiles y ajies / _c por Fernando Nuez Viñals, Ramiro Gil Ortega y Joaquín Costa García |
||
| 260 |
_aMadrid : _b Mundi-Prensa |
||
| 300 | _a607 p. | ||
| 650 |
_aChile (botánica) _x enfermedades _922353 |
||
| 650 |
_aChile de árbol _x enfermedades _9165475 |
||
| 650 |
_aChile pimiento _x enfermedades _922476 |
||
| 700 |
_aGil Ortega, Ramiro / Costa García, Joaquín _9165476 |
||
| 901 | _aPA 633.84 N8 | ||
| 902 | _aA | ||
| 905 | _a0000001996 a 0000000000 00 | ||
| 910 | _a1996 | ||
| 942 | _cPARA | ||
| 942 |
_cPARA _d1 |
||
| 999 |
_c200606 _d200606 |
||